000 00509nam a2200193 a 4500
001 2724
003 CO-ViMGA
008 141112s2004 ck r 000 u spa d
040 _aCO-ViMGA
_bspa
_cCO-ViMGA
082 0 4 _aR371.1 E771
245 1 0 _aEstatuto laboral del educador
250 _a5a
260 _aSantafé de Bogotá :
_bLegis,
_c1997
300 _a612 p
590 _aDatos de inventario : 05183
650 1 4 _aDOCENTES - LEGISLACION
_951779
650 1 4 _aESTATUTO DOCENTE
_951780
942 _2ddc
_cBK
999 _c14799
_d14799